000 00896cam a2200265 a 4500
001 000008818
005 20200929161419.0
008 920513s1990 sp a 000 f spa d
020 _a847039584X
040 _aDO-SdBNP
_cDLC
_dDLC
082 _aA863.4
_bB616t
100 1 _aBioy Casares, Adolfo,
_d1914-1999
_923364
245 1 3 _aLa trama celeste /
_cAdolfo Bioy Casares ; edición, introduccion y notas de Pedro Luis Barcia.
260 _aMadrid :
_bCastalia,
_c1990.
300 _a265 p. :
_bil. ;
_c18 cm.
490 1 _aClásicos Castalia
_v184
650 4 _aCuentos argentinos
_93752
650 4 _aLiteratura argentina
_93860
600 1 4 _aBIOY CASARES, ADOLFO,
_d1914-1999
_xCRÍTICA E INTERPRETACIÓN
_923365
700 1 _aBarcia, Pedro Luis,
_d1939-,
_eed.
_923366
830 0 _aClásicos Castalia ;
_v184
_923367
910 _aCatalogación derivada / LC
910 _aWM
049 _aBNGR
999 _c8587
_d8587